MARC details
| 000 -LEADER |
| fixed length control field |
01948cam a22004574a 4500 |
| 001 - CONTROL NUMBER |
| control field |
15830410 |
| 005 - DATE AND TIME OF LATEST TRANSACTION |
| control field |
20160518135758.0 |
| 008 - FIXED-LENGTH DATA ELEMENTS--GENERAL INFORMATION |
| fixed length control field |
090723s2009 enka | b 001 0 eng d |
| 010 ## - LIBRARY OF CONGRESS CONTROL NUMBER |
| LC control number |
2009455619 |
| 015 ## - NATIONAL BIBLIOGRAPHY NUMBER |
| National bibliography number |
GBA901656 |
| Source |
bnb |
| 016 7# - NATIONAL BIBLIOGRAPHIC AGENCY CONTROL NUMBER |
| Record control number |
014865597 |
| Source |
Uk |
| 020 ## - INTERNATIONAL STANDARD BOOK NUMBER |
| International Standard Book Number |
9780521882224 |
| 020 ## - INTERNATIONAL STANDARD BOOK NUMBER |
| International Standard Book Number |
0521882222 |
| 020 ## - INTERNATIONAL STANDARD BOOK NUMBER |
| International Standard Book Number |
9780521708791 (pbk.) |
| 020 ## - INTERNATIONAL STANDARD BOOK NUMBER |
| International Standard Book Number |
0521708796 (pbk.) |
| 035 ## - SYSTEM CONTROL NUMBER |
| System control number |
(OCoLC)ocn295002270 |
| 040 ## - CATALOGING SOURCE |
| Original cataloging agency |
UKM |
| Transcribing agency |
UKM |
| Modifying agency |
BTCTA |
| -- |
YDXCP |
| -- |
BWKUK |
| -- |
BWK |
| -- |
NDD |
| -- |
DLC |
| 042 ## - AUTHENTICATION CODE |
| Authentication code |
ukscp |
| -- |
pcc |
| 050 00 - LIBRARY OF CONGRESS CALL NUMBER |
| Classification number |
HQ1728.5 |
| Item number |
.S525 2009 |
| 082 00 - DEWEY DECIMAL CLASSIFICATION NUMBER |
| Classification number |
303.62082 |
| Edition number |
22 |
| Item number |
SHA |
| 100 1# - MAIN ENTRY--PERSONAL NAME |
| Personal name |
Shalhoub-Kevorkian, Nadera |
| 9 (RLIN) |
15710 |
| 245 10 - TITLE STATEMENT |
| Title |
Militarization and Violence Against Women in Conflict Zones in the Middle East : |
| Remainder of title |
A Palestinian case-study / |
| Statement of responsibility, etc |
Nadera Shalhoub-Kevorkian. |
| 260 ## - PUBLICATION, DISTRIBUTION, ETC. (IMPRINT) |
| Place of publication, distribution, etc |
Cambridge : |
| Name of publisher, distributor, etc |
Cambridge University Press, |
| Date of publication, distribution, etc |
2009. |
| 300 ## - PHYSICAL DESCRIPTION |
| Extent |
xiv, 231 p. : |
| Other physical details |
ill. ; |
| Dimensions |
24 cm. |
| 490 1# - Series Statement |
| Series statement |
Cambridge studies in law and society |
| -- |
15711 |
| 504 ## - BIBLIOGRAPHY, ETC. NOTE |
| Bibliography, etc |
Includes bibliographical references (p. 214-226) and index. |
| 541 ## - IMMEDIATE SOURCE OF ACQUISITION NOTE |
| Source of acquisition |
Bacca ; |
| 650 #0 - SUBJECT ADDED ENTRY--TOPICAL TERM |
| Topical term or geographic name as entry element |
Women and war |
| Geographic subdivision |
Middle East. |
| 9 (RLIN) |
15712 |
| 650 #0 - SUBJECT ADDED ENTRY--TOPICAL TERM |
| Topical term or geographic name as entry element |
Women and war |
| Geographic subdivision |
Palestine. |
| 9 (RLIN) |
15713 |
| 650 #0 - SUBJECT ADDED ENTRY--TOPICAL TERM |
| Topical term or geographic name as entry element |
Women |
| General subdivision |
Violence against |
| Geographic subdivision |
Palestine. |
| 9 (RLIN) |
15715 |
| 650 #0 - SUBJECT ADDED ENTRY--TOPICAL TERM |
| Topical term or geographic name as entry element |
Women |
| Geographic subdivision |
Middle East |
| General subdivision |
Social conditions. |
| 9 (RLIN) |
15716 |
| 650 #0 - SUBJECT ADDED ENTRY--TOPICAL TERM |
| Topical term or geographic name as entry element |
Women |
| Geographic subdivision |
Palestine |
| General subdivision |
Social conditions. |
| 9 (RLIN) |
15717 |
| 650 #0 - SUBJECT ADDED ENTRY--TOPICAL TERM |
| Topical term or geographic name as entry element |
Women, Palestinian Arab |
| General subdivision |
Social conditions. |
| 9 (RLIN) |
15718 |
| 650 #0 - SUBJECT ADDED ENTRY--TOPICAL TERM |
| 9 (RLIN) |
15714 |
| Topical term or geographic name as entry element |
Women |
| General subdivision |
Violence against |
| Geographic subdivision |
Middle East |
| 830 #0 - SERIES ADDED ENTRY--UNIFORM TITLE |
| Uniform title |
Cambridge studies in law and society. |
| 9 (RLIN) |
15719 |
| 856 42 - ELECTRONIC LOCATION AND ACCESS |
| Materials specified |
Publisher description |
| Uniform Resource Identifier |
<a href="http://www.loc.gov/catdir/enhancements/fy0916/2009455619-d.html">http://www.loc.gov/catdir/enhancements/fy0916/2009455619-d.html</a> |
| 856 41 - ELECTRONIC LOCATION AND ACCESS |
| Materials specified |
Table of contents only |
| Uniform Resource Identifier |
<a href="http://www.loc.gov/catdir/enhancements/fy0916/2009455619-t.html">http://www.loc.gov/catdir/enhancements/fy0916/2009455619-t.html</a> |
| 856 42 - ELECTRONIC LOCATION AND ACCESS |
| Materials specified |
Contributor biographical information |
| Uniform Resource Identifier |
<a href="http://www.loc.gov/catdir/enhancements/fy0916/2009455619-b.html">http://www.loc.gov/catdir/enhancements/fy0916/2009455619-b.html</a> |
| 942 ## - ADDED ENTRY ELEMENTS (KOHA) |
| Source of classification or shelving scheme |
Dewey Decimal Classification |
| Item type |
Book - Borrowing |